Quizzes
Events
Quiz Creation
Community
Videos
Private Events
Remove Ads
Sign In
Join for FREE
Feedback
Dark Mode
Quiz Categories
Sports
Geography
Music
Movies
Television
Just For Fun
Miscellaneous
History
Literature
Language
Science
Gaming
Entertainment
Religion
Holiday
For Kids
Quiz Lab
Recent
Popular Today
Quiz Kudos Today
Editor Picks
Curator Picks
Quizzes by...
Day
Popularity
Type
Ratings
Length
Year
Community
Subscriptions
Recent Discussions
Orange Saloon
Badges
Playlists
Quests
Create
Leaderboards
Showdown
Live 5
Trivia Bingo
Activity
Puzzle Library
Sporcle Events
Private Events
Virtual Trivia
Globe League
Become a Host
Pub Owners
SporcleCon
Opinionation
Our Games
Videos
Blog
Mobile Apps
Partnerships
Remove Ads and Go Orange
Feedback
Sports
Athletes
MLB
NBA
NHL
NFL
Soccer
Sports Teams
WWE
NCAA
Football
Premier League
Basketball
Baseball
Hockey
Golf
Tennis
Cricket
Rugby
Auto Racing
Olympics
World Cup
Sports
Athletes
MLB
NBA
NHL
NFL
Soccer
Sports Teams
WWE
NCAA
Football
Premier League
Basketball
Baseball
Hockey
Golf
Tennis
Cricket
Rugby
Auto Racing
Olympics
World Cup
Random Quiz
Search Sporcle
×
Quiz Lab
Quiz Lab
Sports
Driver
Type in answers that appear in a list
Type in answers that appear in a list
Classic
Best Score? Go Orange.
F1 Drivers 2019 Stats
Can you name the F1 Drivers 2019 season?
By
alekseevsavva
3m
20 Questions
39 Plays
39 Plays
39 Plays
Comments
Comments
Give Quiz Kudos
Give Quiz Kudos
-
- Ratings
hide this ad
Replay
Link that replays current quiz
Next Quiz
Link to next quiz in quiz playlist
You Got
0%
They Got
Avg Score
81%
Avg Friend Score
Upgrade to see
Score Distribution
Jump to the score distribution portion of the page
Score
0/20
Timer
03:00
0
Plays Today
Team
Driver
% Correct
Mercedes
Lewis Hamilton
100%
Ferrari
Sebastian Vettel
97.4%
Ferrari
Charles Leclerc
97.4%
Mercedes
Valtteri Bottas
94.9%
Red Bull
Alexander Albon
89.7%
McLaren
Lando Norris
87.2%
Renault
Daniel Ricciardo
87.2%
Torro Rosso
Pierre Gasly
87.2%
McLaren
Carlos Sainz
82.1%
Alfa Romeo
Kimi Raikkonen
82.1%
Team
Driver
% Correct
Renault
Niko Hulkenberg
79.5%
Red Bull
Max Verstapen
74.4%
Racing Point
Sergio Perez
74.4%
Racing Point
Lance Stroll
74.4%
Haas
Kevin Magnussen
74.4%
Williams
George Russel
74.4%
Haas
Romain Grosjean
71.8%
Torro Rosso
Daniil Kvyat
69.2%
Alfa Romeo
Antonio Giovinazzi
64.1%
Williams
Robert Kubica
59%
Quiz Playlist
Details
Report
Send in Message
Add To Playlist
Classic:
Type in answers that appear in a list
Last Updated: Apr 13, 2021
Quiz Scoreboard
CHALLENGE
Sign Up to Join the Scoreboard
Show All
Scores
Hide
Comments
May contain spoilers
Recently Published
College Basketball Coaching Resumes
by pancakes188
Sports
9m
Billboard Blitz: Fleetwood Mac
by CooCooCachoo
Music
15s
Presidents Visiting Landmarks
by Hejman
History
7m
More to Explore
Quiz From the Vault
Featured Blog Post
Where Did the Easter Bunny Come From?
hide this ad
You Might Also Like...
Tags
Driver
F1 Drivers
team
Today's Top Quizzes in Sports
Browse Sports
hide this ad
Today's Top Quizzes in Driver
Browse Driver
Top Contributed Quizzes in Sports
1
Les meilleurs buteurs des matchs entre le PSG et l’OM
2
2022 World Cup Stars
3
FIFA Club World Cup Champions
4
Les entraîneurs de l'OM et du PSG au 21e siècle
5
Criteria MLB: Left Handed Sluggers
6
AFC Teams Reveal (Wrong Answers Minefield)
7
5-to-1: UK Sports Teams
8
Name the Premier League winners with different clubs
9
5-to-1: FBS Animal Nicknames
10
Players with Multiple 50 Home Run Seasons
Explore More
Trending Topics
Marvel
NBA
Anime
Crossword
Harry Potter
Disney
Kpop
Pokémon
Soccer
The Office
NFL
Puzzle
Country
WWE
Song
hide this ad
More By:
alekseevsavva
Quiz
Plays
Rating
Category
Featured
Created
Best players of CS:GO Team Liquid by 2.0 HLTV Rating
221
Gaming
Apr 17, 2021
Best players of CS:GO FaZe Clan by 2.0 HLTV Rating
218
Gaming
Apr 16, 2021
Best players of CS:GO Cloud9 by 2.0 HLTV Rating
158
Gaming
Apr 14, 2021
Name the csgo roster by country
132
Gaming
Apr 13, 2021
F1 host countries 2019
69
5.00
Sports
Sep 17, 2019
Go to Creator's Profile
Score Distribution
Quiz Creator Spotlight
alekseevsavva
Follow
Send a Message
Quizzes Created
-
Created Quiz Play Count
-
More By This Creator
Popular Quizzes Today
1
Find the US States - No Outlines Minefield
2
Find the Countries of Europe - No Outlines Minefield
3
The Countries of the World
4
Find the US States
5
Risky Map Clicking: Biggest States A-Z
6
US States
7
Popular People in 1961
8
Movies - When Are They Set?
More Sports Quizzes
Last XI: Bielsa - Leeds United
Curator's Pick
Trending Quizzes
Risky Map Clicking: Least Populous States A-Z
1-10 Letter G Words
1-10 Letter F Words
Risky Map Clicking: Next State Alphabetically
Click the Washington State Counties! (Map)
Recently Updated
Leaping Animals
pecheneg
Reality TV Shows (A-Z)
bhenderson79
Rickey Henderson's Hall of Fame Teammates
pecheneg
Champions League XIs: Arsenal
pecheneg
Quick Pick: Celebrities in WWE's Hall of Fame
aduchscher
A-Z Keypad Blitz II
pecheneg
Multiple Oscar Actors
pecheneg
Mystery Phrase Blitz: Oscar 'Best Actors'
pecheneg
F. Scott Fitzgerald Novels
LTH
Pick 3 Villains
ddd62291
Trending Topics
Anime
Crossword
Harry Potter
NBA
Kpop
Marvel
Disney
WWE
Pokémon
NFL
Soccer
Song
The Office
Puzzle
Country
Your Account Isn't Verified!
In order to create a playlist on Sporcle, you need to verify the email address you used during registration. Go to your
Sporcle Settings
to finish the process.
Report this User
Report this user for behavior that violates our
Community Guidelines
.
Details:
Send Report
Go to the Sporcle.com Mobile Site →
Comments